000 00578nam a2200217 i 4500
001 bg
100 1 _aGRZEGORCZYK, Andrzej
245 0 _aZarys logiki matematycznej /
_cA. Grzegorczyk.
250 _aWyd. 6.
260 _aWarszawa :
_bPWN,
_c1984.
300 _a510, [1] s. :
_bwykr. ;
_c24 cm.
490 1 _aBiblioteka Matematyczna
650 9 _aLogika matematyczna
655 _aPodręczniki akademickie
830 _aBiblioteka Matematyczna
040 _cBPK
041 _apol
080 _a510.6(075.8)
942 _cKS
008 s pl f |000 0 pol
999 _c22692
_d22692
856 _uhttp://koha.tu.koszalin.pl/cgi-bin/koha/opac-detail.pl?biblionumber=22692
_yKatalog online BPK